000 00492nam a2200181 a 4500
001 4558
003 CO-ViMGA
008 141112s2004 ck r 000 u spa d
040 _aCO-ViMGA
_bspa
_cCO-ViMGA
082 0 4 _a153.94 W662
100 1 _aWood, Larry
_955425
245 1 0 _aEstrategias de pensamiento :
_bejercicios de agilidad mental
260 _aBarcelona :
_bLabor,
_c1988
300 _a114 p : il
650 1 4 _aPENSAMIENTO
_95104
650 1 4 _aPRUEBAS PSICOLOGICAS
942 _2ddc
_cBK
999 _c16568
_d16568